Titoli inglesi dei films #1 - Statistics

Statistiche generali
  • Questo quiz è stato fatto 943 volte
  • Il punteggio medio è 5 su 20
Statistiche sulle risposte
Anno Titolo inglese Titolo italiano % Corretto
1990 Home Alone Mamma, ho perso l'aereo!
88%
1975 Jaws Lo squalo
79%
2004 Eternal Sunshine of the Spotless Mind Se mi lasci ti cancello
57%
1989 Dead Poets Society L'attimo fuggente
54%
1994 The Shawshank Redemption Le ali della libertà
37%
1974 The texas chainsaw massacre Non aprite quella porta
27%
2012 Silver Linings Playbook Il lato positivo
24%
2007 There Will Be Blood Il petroliere
23%
1958 Vertigo La donna che visse due volte
20%
1988 Die hard Trappola di cristallo
20%
1965 The sound of music Tutti insieme appassionatamente
20%
1990 Total Recall Atto di forza
18%
1982 First blood Rambo
18%
1993 Groundhog day Ricomincio da capo
14%
2002 Adaptation Il ladro di orchidee
11%
1977 The Rescuers Le avventure di Bianca e Bernie
10%
1971 Dirty Harry Ispettore Callaghan: il caso Scorpio è tuo!
8%
1962 Dr. No Agente 007 - Licenza di uccidere
7%
1967 In the heat of the night La calda notte dell'ispettore Tibbs
7%
1955 The seven year itch Quando la moglie è in vacanza
6%
Nessun quiz corrispondente trovato
Distribuzione punteggi
Percentuale di utenti per punteggio
Percentile per numero di risposta
I tuoi punteggi nel tempo
Non hai fatto questo quiz